<?xml version="1.0" encoding="UTF-8"?>
<record
    xmlns:xsi="http://www.w3.org/2001/XMLSchema-instance"
    xsi:schemaLocation="http://www.loc.gov/MARC21/slim http://www.loc.gov/standards/marcxml/schema/MARC21slim.xsd"
    xmlns="http://www.loc.gov/MARC21/slim">

  <leader>00431nam a2200169Ia 4500</leader>
  <datafield tag="999" ind1=" " ind2=" ">
    <subfield code="c">11009</subfield>
    <subfield code="d">11009</subfield>
  </datafield>
  <controlfield tag="003">OSt</controlfield>
  <controlfield tag="008">191201s2012    xx            000 0 und d</controlfield>
  <datafield tag="020" ind1=" " ind2=" ">
    <subfield code="a">9780753555194</subfield>
  </datafield>
  <datafield tag="082" ind1=" " ind2=" ">
    <subfield code="a">511.324</subfield>
    <subfield code="b">THZ</subfield>
  </datafield>
  <datafield tag="100" ind1=" " ind2=" ">
    <subfield code="a">THIEL, Peter</subfield>
  </datafield>
  <datafield tag="245" ind1=" " ind2="0">
    <subfield code="a">Zero to One: Notes on Startups, Or How to Build The Future</subfield>
  </datafield>
  <datafield tag="250" ind1=" " ind2=" ">
    <subfield code="a">Ed</subfield>
  </datafield>
  <datafield tag="260" ind1=" " ind2=" ">
    <subfield code="b">Virgin Books Pub. </subfield>
    <subfield code="c">2014</subfield>
    <subfield code="a">London</subfield>
  </datafield>
  <datafield tag="300" ind1=" " ind2=" ">
    <subfield code="a">210</subfield>
  </datafield>
  <datafield tag="650" ind1=" " ind2=" ">
    <subfield code="a">Motivational</subfield>
  </datafield>
  <datafield tag="942" ind1=" " ind2=" ">
    <subfield code="2">ddc</subfield>
    <subfield code="c">BK</subfield>
    <subfield code="0">9</subfield>
  </datafield>
  <datafield tag="952" ind1=" " ind2=" ">
    <subfield code="0">0</subfield>
    <subfield code="1">0</subfield>
    <subfield code="2">ddc</subfield>
    <subfield code="4">0</subfield>
    <subfield code="7">1</subfield>
    <subfield code="8">GENERAL</subfield>
    <subfield code="a">PIET</subfield>
    <subfield code="b">PIET</subfield>
    <subfield code="d">2021-09-16</subfield>
    <subfield code="e">Zafaa Books and Distributors</subfield>
    <subfield code="f">In Rupees</subfield>
    <subfield code="g">599.00</subfield>
    <subfield code="k">ZBD0077</subfield>
    <subfield code="l">9</subfield>
    <subfield code="o">658.11 THZ</subfield>
    <subfield code="p">33302</subfield>
    <subfield code="r">2022-12-05 00:00:00</subfield>
    <subfield code="s">2022-11-23</subfield>
    <subfield code="v">389.35</subfield>
    <subfield code="w">2021-09-16</subfield>
    <subfield code="y">BK</subfield>
  </datafield>
  <datafield tag="952" ind1=" " ind2=" ">
    <subfield code="0">0</subfield>
    <subfield code="1">0</subfield>
    <subfield code="2">ddc</subfield>
    <subfield code="4">0</subfield>
    <subfield code="7">0</subfield>
    <subfield code="8">GENERAL</subfield>
    <subfield code="a">PIET</subfield>
    <subfield code="b">PIET</subfield>
    <subfield code="d">2024-06-18</subfield>
    <subfield code="e">Zafaa Books and Distributors</subfield>
    <subfield code="f">In Rupees</subfield>
    <subfield code="g">599.00</subfield>
    <subfield code="k">ZBD0076</subfield>
    <subfield code="l">1</subfield>
    <subfield code="o">658.11 THZ</subfield>
    <subfield code="p">37665</subfield>
    <subfield code="q">2025-01-28</subfield>
    <subfield code="r">2024-07-12 00:00:00</subfield>
    <subfield code="s">2024-07-12</subfield>
    <subfield code="v">389.35</subfield>
    <subfield code="w">2024-06-18</subfield>
    <subfield code="y">BK</subfield>
  </datafield>
  <datafield tag="952" ind1=" " ind2=" ">
    <subfield code="0">0</subfield>
    <subfield code="1">0</subfield>
    <subfield code="2">ddc</subfield>
    <subfield code="4">0</subfield>
    <subfield code="7">0</subfield>
    <subfield code="8">IKSBC</subfield>
    <subfield code="a">PIET</subfield>
    <subfield code="b">PIET</subfield>
    <subfield code="d">2025-10-30</subfield>
    <subfield code="e">Zaffa Books</subfield>
    <subfield code="f">INR</subfield>
    <subfield code="g">699.00</subfield>
    <subfield code="k">ZBD0297</subfield>
    <subfield code="l">0</subfield>
    <subfield code="o">511.324 THZ</subfield>
    <subfield code="p">CL48</subfield>
    <subfield code="r">2025-11-04 00:00:00</subfield>
    <subfield code="v">475.32</subfield>
    <subfield code="w">2025-10-30</subfield>
    <subfield code="y">BK</subfield>
  </datafield>
</record>
